El Reino de Mandinga / (Registro nro. 13419)

Detalles MARC
000 -LIDER
fixed length control field 00812nam a22002537a 4500
003 - IDENTIFICACDOR DE NÚMERO DE CONTROL
control field DO-SdBNP
005 - DATE AND TIME OF LATEST TRANSACTION
control field 20210414131808.0
008 - ELEMENTOS DE LONGITUD FIJA
fixed length control field 210414b 1999 dr 00| 0 spa d
020 ## - ISBN
International Standard Book Number 849305299X
040 ## - FUENTE DE CATALOGACIÓN
Agencia que crea de manera original el registro BPMSU
Idioma de catalogación Spa
Agencia que realiza la transcripción BPMSU
082 ## - NÚMERO DE CLASIFICACIÓN DECIMAL DE DEWEY
Classification number RD863.44
Item number R621r,1999
Edition number 22
100 1# - ASIENTO PRINCIPAL -- NOMBRE PERSONAL
Nombre personal Rivera Aybar, Ricardo
245 1# - MENCIÓN DE TITULO
Título El Reino de Mandinga /
Mención de responsabilidad Ricardo Rivera Aybar ; cuidado de la edición Tomás Castro Burdiez
250 ## - MENCIÓN DE EDICION
Mención de edición 2a.ed.
260 ## - PUBLICACIÓN, DISTRIBUCIÓN, ETC. (PIE DE IMPRENTA)
Lugar de publicación, distribución, etc Santo Domingo :
Nombre del editor, distribuidor, etc. Libreria La Trinitaria ,
Fecha de publicación, distribución, etc 1999
300 ## - DESCRIPCIÓN FÍSICA
Extensión 321 p.;
Dimensiones 21 cm.
500 ## - NOTA GENERAL
Nota general Incluyes datos biográficos del autor en la solapa de la cubierta
590 ## - NOTA LOCAL
Texto de la nota local Inventariado, 2021, MC
650 #4 - ENCABEZAMIENTO DE MATERIA--TEMÁTICO
Término temático o nombre geográfico como elemento de entrada Novela dominicana
650 #4 - ENCABEZAMIENTO DE MATERIA--TEMÁTICO
Término temático o nombre geográfico como elemento de entrada Literatura dominicana
700 1# - ASIENTO SECUNDARIO -- NOMBRE PERSONAL
Nombre personal Castro Burdiez,Tomás
Mención de responsabilidad ed.
910 ## - VALIDACIÓN
Validación MCabrera /VMateo
942 ## - ADDED ENTRY ELEMENTS (KOHA)
Source of classification or shelving scheme Dewey Decimal Classification
Koha item type Libros
Existencias
Withdrawn status Lost status Source of classification or shelving scheme Damaged status Not for loan Collection code Home library Current library Date acquired Source of acquisition Full call number Barcode Date last seen Copy number Price effective from Koha item type Total Checkouts
    Dewey Decimal Classification     Colección Dominicana Biblioteca Pública Metropolitana Salomé Ureña Biblioteca Pública Metropolitana Salomé Ureña 04/14/2021 Compra BPMSU CD RD863.44 R621r 1999 BPMSU21040013 04/14/2021 e.2 04/14/2021 Libros  
    Dewey Decimal Classification     Colección Dominicana Biblioteca Pública Metropolitana Salomé Ureña Biblioteca Pública Metropolitana Salomé Ureña 04/14/2021 Compra BPMSU CD RD863.44 R621r 1999 BPMSU21040014 04/14/2021   04/14/2021 Libros  
    Dewey Decimal Classification     Colección Dominicana Biblioteca Pública Metropolitana Salomé Ureña Biblioteca Pública Metropolitana Salomé Ureña 04/14/2021 Compra BPMSU CD RD863.44 R621r 1999 BPMSU26020013 02/03/2026 e.3 04/14/2021 Libros